La renta activa de inserción para las víctimas de violencia de género (Registro nro. 46292)
[ vista simple ]
| 000 -CABECERA | |
|---|---|
| Longitud fija campo de control | 01023naa a2200253 c 4500 |
| 001 - NÚMERO DE CONTROL | |
| Número de control | 46292 |
| 003 - IDENTIFICADOR DE NÚMERO DE CONTROL | |
| Identificador del número de control | ES-MaCES |
| 005 - FECHA Y HORA DE LA ÚLTIMA TRANSACCIÓN | |
| Fecha y hora de la última transacción | 20150901130127.0 |
| 008 - CAMPO FIJO DE DESCRIPCIÓN FIJA--INFORMACIÓN GENERAL | |
| Códigos de información de longitud fija | 150901s2015 sp ||||| t||||||| ||spa d |
| 040 ## - FUENTE DE CATALOGACIÓN | |
| Centro catalogador de origen | ES-MaCES |
| Lengua de catalogación | spa |
| Centro transcriptor | ES-MaCES |
| Centro modificado | ES-MaCES |
| 100 1# - ENCABEZAMIENTO PRINCIPAL--NOMBRE PERSONAL | |
| 9 (RLIN) | 35945 |
| Nombre de persona | Olmo del Olmo, José Antonio del |
| 245 13 - MENCIÓN DE TÍTULO | |
| Título | La renta activa de inserción para las víctimas de violencia de género |
| Resto del título | = active insertion income for the victims of gender-based violence |
| Mención de responsabilidad, etc. | José Antonio del Olmo del Olmo |
| 500 ## - NOTA GENERAL | |
| Nota general | Resumen |
| 650 #4 - ASIENTO SECUNDARIO DE MATERIA--TÉRMINO DE MATERIA | |
| 9 (RLIN) | 29076 |
| Término de materia o nombre geográfico como elemento inicial | protección social |
| 650 #4 - ASIENTO SECUNDARIO DE MATERIA--TÉRMINO DE MATERIA | |
| 9 (RLIN) | 30465 |
| Término de materia o nombre geográfico como elemento inicial | pago de prestaciones |
| 650 #4 - ASIENTO SECUNDARIO DE MATERIA--TÉRMINO DE MATERIA | |
| 9 (RLIN) | 28657 |
| Término de materia o nombre geográfico como elemento inicial | mujeres |
| 650 #4 - ASIENTO SECUNDARIO DE MATERIA--TÉRMINO DE MATERIA | |
| 9 (RLIN) | 30808 |
| Término de materia o nombre geográfico como elemento inicial | malos tratos |
| 650 #4 - ASIENTO SECUNDARIO DE MATERIA--TÉRMINO DE MATERIA | |
| 9 (RLIN) | 28308 |
| Término de materia o nombre geográfico como elemento inicial | desempleo |
| 650 #4 - ASIENTO SECUNDARIO DE MATERIA--TÉRMINO DE MATERIA | |
| 9 (RLIN) | 30649 |
| Término de materia o nombre geográfico como elemento inicial | igualdad de oportunidades en el empleo |
| 653 10 - TÉRMINO DE INDEXACIÓN--NO CONTROLADO | |
| Término no controlado | Mujer |
| 773 0# - ENTRADA DE DOCUMENTO FUENTE | |
| Itemnumber del ítem fuente | 83180 |
| Lugar, editor y fecha de publicación | Valladolid (Avda. Reyes Católicos, 11, 47008) Lex nova |
| Otro identificador del documento | 086082 |
| Título | Información laboral |
| Número de control del registro relacionado | (ES-MaCES)25782 |
| Parte(s) relacionada(s) | n. 4 (2015) {55/796 R. 086082} ;p. 49-66 |
| 902 ## - CES. TIPO DE DOCUMENTO | |
| Tipodoc (006$c Sirtex) | ART Artículo de revista |
| 942 ## - ELEMENTOS KOHA | |
| Fuente de clasificaión o esquema | Clasificación propia del CES |
| Koha [por defecto] tipo de item | Artículos (1982-2017) |
| Parte de clasificación | Asuntos Sociales |
No hay ítems disponibles.
